Cambridge first certificate Reading
Enregistré dans:
| Auteur principal: | |
|---|---|
| Format: | Livre |
| Langue: | Undetermined |
| Publié: |
Cambridge, UK
Cambridge Unversity Press
1999
|
| Sujets: | |
| Tags: |
Ajouter un tag
Pas de tags, Soyez le premier à ajouter un tag!
|
| Thư viện lưu trữ: | Trung tâm Học liệu Trường Đại học Cần Thơ |
|---|
| LEADER | 00547nam a2200193Ia 4500 | ||
|---|---|---|---|
| 001 | CTU_52136 | ||
| 008 | 210402s9999 xx 000 0 und d | ||
| 020 | |b 170000 | ||
| 082 | |a 808.042 | ||
| 082 | |b R646 | ||
| 100 | |a Paul Roberts | ||
| 245 | 0 | |a Cambridge first certificate | |
| 245 | 0 | |b Reading | |
| 260 | |a Cambridge, UK | ||
| 260 | |b Cambridge Unversity Press | ||
| 260 | |c 1999 | ||
| 650 | |a english language,english language | ||
| 650 | |x textbooks for foreign speakers,readers | ||
| 980 | |a Trung tâm Học liệu Trường Đại học Cần Thơ | ||